000 00563nam a2200217Ia 4500
003 OSt
005 20220928144047.0
006 a|||||r|||| 00| 0
007 ta
008 220927b |||||||| |||| 00| 0 eng d
024 _a23905
037 _cTextual
040 _aSDCL
_cSDCL
_beng
041 _2eng
_aeng
082 _aO15,1E50,2:g, L3
100 _aPriyatam Chandra Shastri
_9506601
245 0 _aVikramadevcharitasya.
260 _c1973
942 _hO15,1E50,2:g, L3
_cTEXL
_2CC
999 _c825833
_d825833